[Event "GER-ch Net Amateur Gr-A Vor1"]
[Site "Playchess.com INT"]
[Date "2020.04.14"]
[Round "6"]
[White "Flach, Erich"]
[Black "Zimmermann, Rene"]
[Result "0-1"]
[WhiteElo "2012"]
[BlackElo "2125"]
[PlyCount "130"]
[EventDate "2020.04.14"]
[EventType "swiss (blitz)"]
[EventRounds "9"]
[EventCountry "GER"]
[SourceTitle "EXT 2021"]
[Source "ChessBase"]
[SourceDate "2020.10.23"]
[SourceVersion "1"]
[SourceVersionDate "2020.10.23"]
[SourceQuality "1"]

1. c4 e6 2. Nc3 d5 3. d4 c6 4. e4 dxe4 5. Nxe4 Bb4+ 6. Bd2 Qxd4 7. Bxb4 Qxe4+ 8. Be2 Na6 9. Bd6 c5 10. Nf3 Nf6 11. 0-0 Qc6 12. Ne5 Qb6 13. Bf3 Bd7 14. a3 Bc6 15. Nxc6 bxc6 16. b4 Rd8 17. bxc5 Qb7 18. Qa4 Nd7 19. Bxc6 Qc8 20. Rab1 f6 21. Bb7 Naxc5 22. Bxc5 Qxc5 23. Bc6 Rf8 24. Rb7 Rf7 25. Rd1 Qe5 26. h3 Qe2 27. Rbxd7 Rfxd7 28. Rxd7 Rxd7 29. Bxd7+ Ke7 30. Bc6 Qe1+ 31. Kh2 Qxf2 32. Bf3 Kf7 33. Qd7+ Kg6 34. Qxe6 Qd2 35. Qe4+ Kh6 36. Qd5 Qf4+ 37. Kg1 Qc1+ 38. Kf2 Qd2+ 39. Kg3 Qe1+ 40. Kh2 Qe3 41. Qd1 Qf4+ 42. Kg1 Qxc4 43. Qd2+ g5 44. Be4 Qxe4 45. Qc3 Kg6 46. Qc7 Qe3+ 47. Kh2 Qxa3 48. Qc2+ Kg7 49. Qc7+ Kh6 50. Qf7 Qd6+ 51. Kh1 a6 52. Qa2 Qc6 53. Qb2 a5 54. Qa3 a4 55. Qf8+ Kg6 56. Qg8+ Kf5 57. Qxh7+ Kf4 58. Qd3 Qc1+ 59. Kh2 a3 60. Qd6+ Kf5 61. Qd3+ Ke6 62. Qe4+ Kd6 63. Qf5 Kc7 64. Qxf6 Qf4+ 65. Qxf4+ gxf4 0-1

[Event "GER-ch Net Amateur Gr-A Vor1"]
[Site "Playchess.com INT"]
[Date "2020.04.14"]
[Round "5"]
[White "Hortolani, Sven Holger"]
[Black "Zimmermann, Rene"]
[Result "1/2-1/2"]
[WhiteElo "1917"]
[BlackElo "2132"]
[PlyCount "43"]
[EventDate "2020.04.14"]
[EventType "swiss (blitz)"]
[EventRounds "9"]
[EventCountry "GER"]
[SourceTitle "EXT 2021"]
[Source "ChessBase"]
[SourceDate "2020.10.23"]
[SourceVersion "1"]
[SourceVersionDate "2020.10.23"]
[SourceQuality "1"]

1. Nf3 d5 2. g3 c6 3. Bg2 Bg4 4. c4 e6 5. 0-0 Nd7 6. Qc2 Ngf6 7. b3 Be7 8. Bb2 0-0 9. d3 c5 10. Nbd2 d4 11. b4 b6 12. Rfe1 Rb8 13. Rab1 Qc7 14. bxc5 bxc5 15. Ba3 Qa5 16. Rxb8 Rxb8 17. Qc1 Rb6 18. Nb3 Qa4 19. Nfxd4 Ra6 20. Nc2 Kf8 21. h3 Bh5 22. Qe3 1/2-1/2

[Event "GER-ch Net Amateur Gr-A Vor1"]
[Site "Playchess.com INT"]
[Date "2020.04.14"]
[Round "2"]
[White "Mueller, Markus1111"]
[Black "Zimmermann, Rene"]
[Result "0-1"]
[WhiteElo "1933"]
[BlackElo "2122"]
[PlyCount "98"]
[EventDate "2020.04.14"]
[EventType "swiss (blitz)"]
[EventRounds "9"]
[EventCountry "GER"]
[SourceTitle "EXT 2021"]
[Source "ChessBase"]
[SourceDate "2020.10.23"]
[SourceVersion "1"]
[SourceVersionDate "2020.10.23"]
[SourceQuality "1"]

1. Nf3 d5 2. c4 e6 3. b3 Nf6 4. Bb2 Be7 5. e3 0-0 6. g3 b6 7. Bg2 Bb7 8. 0-0 c5 9. Qe2 dxc4 10. bxc4 Nbd7 11. Rd1 Qc7 12. Nc3 Rad8 13. d4 Ne4 14. d5 Nxc3 15. Bxc3 exd5 16. cxd5 Bd6 17. e4 Rde8 18. Qc2 h6 19. Re1 Ne5 20. Nd2 Ba6 21. Bf1 Bxf1 22. Rxf1 c4 23. Rad1 b5 24. a4 a6 25. axb5 axb5 26. Rb1 Rb8 27. Kg2 Nd3 28. Nf3 Be5 29. Nxe5 Nxe5 30. Bd4 Nd3 31. Rfd1 Qe7 32. f3 Qg5 33. Qd2 Qg6 34. Qc3 f5 35. e5 f4 36. g4 h5 37. h3 hxg4 38. hxg4 Rfe8 39. Rh1 Red8 40. d6 Re8 41. Qa5 Qe6 42. Qc7 Rec8 43. Qa7 Qd5 44. Bf2 Rb7 45. Qa6 Nxe5 46. Qa3 Nxg4 47. Rbd1 Qc6 48. Qc1 Nxf2 49. Qxf4 Rf7 0-1

[Event "Oberliga Ost-A 1920"]
[Site "Germany"]
[Date "2020.01.19"]
[Round "7.5"]
[White "Hoerr, Christian"]
[Black "Zimmermann, Rene"]
[Result "1/2-1/2"]
[WhiteElo "1910"]
[BlackElo "2200"]
[PlyCount "41"]
[EventDate "2019.09.29"]
[EventType "team-tourn"]
[EventRounds "11"]
[EventCountry "GER"]
[SourceTitle "EXT 2021"]
[Source "ChessBase"]
[SourceDate "2020.10.23"]
[SourceVersion "1"]
[SourceVersionDate "2020.10.23"]
[SourceQuality "1"]
[WhiteTeam "Plauen Koenig II"]
[BlackTeam "Dresden Gruen Weiss"]
[WhiteTeamCountry "GER"]
[BlackTeamCountry "GER"]

1. e4 e6 2. d4 d5 3. Nd2 Nf6 4. e5 Nfd7 5. f4 c5 6. c3 Nc6 7. Ndf3 cxd4 8. cxd4 Be7 9. g3 Qb6 10. Ne2 0-0 11. Bh3 Kh8 12. 0-0 a5 13. Kh1 a4 14. f5 exf5 15. Bxf5 a3 16. bxa3 Bxa3 17. Rb1 Qc7 18. Qc2 Bxc1 19. Rfxc1 g6 20. Bd3 Qa5 21. Nc3 1/2-1/2

[Event "Erfurt op-A 29th"]
[Site "Erfurt"]
[Date "2019.12.29"]
[Round "6"]
[White "Meissner, Felix"]
[Black "Zimmermann, Rene"]
[Result "1/2-1/2"]
[WhiteElo "2377"]
[BlackElo "2184"]
[PlyCount "133"]
[EventDate "2019.12.26"]
[EventType "swiss"]
[EventRounds "8"]
[EventCountry "GER"]
[SourceTitle "CBM 194 Extra"]
[Source "ChessBase"]
[SourceDate "2020.03.31"]
[SourceVersion "1"]
[SourceVersionDate "2020.03.31"]
[SourceQuality "1"]

1. e4 e6 2. d4 d5 3. exd5 exd5 4. Bd3 Nc6 5. c3 Bd6 6. Qf3 Be6 7. Ne2 Nge7 8. Nf4 Qd7 9. Nxe6 Qxe6+ 10. Be3 0-0 11. 0-0 Ng6 12. Bf5 Qf6 13. Qh5 Nce7 14. Bd3 Qh4 15. Qxh4 Nxh4 16. Nd2 Nhf5 17. Rae1 Rfe8 18. g3 h6 19. Nf3 Kf8 20. Bd2 h5 21. Re2 f6 22. Rfe1 g5 23. Kg2 Ng7 24. h4 g4 25. Ng1 Kf7 26. Rf1 Ngf5 27. Ree1 b6 28. Ne2 c5 29. f3 Bxg3 30. Nxg3 Nxh4+ 31. Kg1 Nxf3+ 32. Rxf3 gxf3 33. Kf2 h4 34. Nf1 c4 35. Bc2 Rg8 36. Kxf3 Rg7 37. Bh6 Rg1 38. Be3 Rg7 39. Bf2 Rh8 40. Ne3 Rg5 41. Rh1 h3 42. Bg3 Ke6 43. Bf4 Rgg8 44. Bg3 Rh5 45. Rh2 b5 46. Re2 Kf7 47. Rh2 a5 48. a3 b4 49. axb4 axb4 50. Kf2 bxc3 51. bxc3 Ra8 52. Bd6 Rd8 53. Bg3 Ke6 54. Bd1 Rhh8 55. Rxh3 Rxh3 56. Bg4+ Kf7 57. Bxh3 Rh8 58. Bg2 Ke6 59. Bf3 Ra8 60. Bg4+ f5 61. Bh3 Rh8 62. Kg2 Rg8 63. Kf3 Rh8 64. Kg2 Rg8 65. Kf2 Rh8 66. Bg2 Ra8 67. Bh3 1/2-1/2

[Event "Erfurt op-A 29th"]
[Site "Erfurt"]
[Date "2019.12.29"]
[Round "7"]
[White "Zimmermann, Rene"]
[Black "Hartge, Gedeon"]
[Result "1/2-1/2"]
[WhiteElo "2184"]
[BlackElo "2239"]
[PlyCount "46"]
[EventDate "2019.12.26"]
[EventType "swiss"]
[EventRounds "8"]
[EventCountry "GER"]
[SourceTitle "CBM 194 Extra"]
[Source "ChessBase"]
[SourceDate "2020.03.31"]
[SourceVersion "1"]
[SourceVersionDate "2020.03.31"]
[SourceQuality "1"]

1. f4 d5 2. Nf3 Nf6 3. e3 g6 4. d4 Bg7 5. Bd3 0-0 6. 0-0 c5 7. c3 Nc6 8. Nbd2 b6 9. Qe2 Na5 10. dxc5 bxc5 11. e4 Qb6 12. Kh1 dxe4 13. Nxe4 Nxe4 14. Bxe4 Ba6 15. Bd3 Bxd3 16. Qxd3 e6 17. Ne5 Rfd8 18. Qe2 Nc6 19. Be3 Qc7 20. Nf3 Ne7 21. Qf2 c4 22. Rad1 Nd5 23. Ng5 Rd7 1/2-1/2

[Event "Erfurt op-A 29th"]
[Site "Erfurt"]
[Date "2019.12.27"]
[Round "3"]
[White "Zimmermann, Rene"]
[Black "Bajorski, Marius"]
[Result "1-0"]
[WhiteElo "2184"]
[BlackElo "1994"]
[PlyCount "80"]
[EventDate "2019.12.26"]
[EventType "swiss"]
[EventRounds "8"]
[EventCountry "GER"]
[SourceTitle "CBM 194 Extra"]
[Source "ChessBase"]
[SourceDate "2020.03.31"]
[SourceVersion "1"]
[SourceVersionDate "2020.03.31"]
[SourceQuality "1"]

1. d4 e6 2. Nf3 b6 3. c3 Bb7 4. Qc2 f5 5. Bg5 Be7 6. Bxe7 Qxe7 7. Nbd2 Nf6 8. e3 d6 9. Bd3 Nbd7 10. h3 0-0-0 11. a4 g5 12. a5 g4 13. hxg4 Nxg4 14. axb6 axb6 15. Qa4 Nb8 16. Nc4 Rdf8 17. Qc2 Nf6 18. 0-0-0 Rhg8 19. Rdg1 Rxg2 20. Rxg2 Bxf3 21. Rgh2 Bxh1 22. Rxh1 Rg8 23. Qa4 Qd7 24. Qd1 Nc6 25. Qf3 d5 26. Na3 Ne4 27. Bb5 Qd6 28. Kc2 Ne7 29. Ba6+ Kb8 30. Nb5 Qd8 31. Qf4 Rg2 32. Kb1 Ng6 33. Qh6 Nxf2 34. Rf1 Qg8 35. Ka1 Ng4 36. Qh3 Rh2 37. Qg3 Qg7 38. c4 h5 39. cxd5 h4 40. Qf3 Ne7 1-0

[Event "Oberliga Ost-A 1920"]
[Site "Germany"]
[Date "2019.11.17"]
[Round "3.4"]
[White "Koenig, Marco"]
[Black "Zimmermann, Rene"]
[Result "1-0"]
[WhiteElo "2091"]
[BlackElo "2200"]
[PlyCount "53"]
[EventDate "2019.09.29"]
[EventType "team-tourn"]
[EventRounds "11"]
[EventCountry "GER"]
[SourceTitle "EXT 2021"]
[Source "ChessBase"]
[SourceDate "2020.10.23"]
[SourceVersion "1"]
[SourceVersionDate "2020.10.23"]
[SourceQuality "1"]
[WhiteTeam "Magdeburg Aufbau Elbe II"]
[BlackTeam "Dresden Gruen Weiss"]
[WhiteTeamCountry "GER"]
[BlackTeamCountry "GER"]

1. e4 e6 2. d4 d5 3. e5 c5 4. c3 Qb6 5. Nf3 Bd7 6. a3 a5 7. Bd3 Nc6 8. dxc5 Bxc5 9. Qe2 Nge7 10. 0-0 a4 11. Nbd2 Ng6 12. g3 Na5 13. Ng5 Rc8 14. h4 Qc7 15. Re1 Nc4 16. Nxc4 dxc4 17. Bc2 f6 18. Qh5 Ke7 19. Bxg6 hxg6 20. Qxg6 Rhf8 21. Bf4 Bxf2+ 22. Kh2 Qb6 23. Qxg7+ Ke8 24. Rad1 Rc7 25. exf6 Rxf6 26. Qxf6 Bxe1 27. Qf7+ 1-0

[Event "Oberliga Ost-A 1819"]
[Site "Germany"]
[Date "2019.04.07"]
[Round "11.2"]
[White "Becker, Michael"]
[Black "Zimmermann, Rene"]
[Result "1/2-1/2"]
[WhiteElo "2254"]
[BlackElo "2203"]
[PlyCount "110"]
[EventDate "2018.10.21"]
[EventType "team-tourn"]
[EventRounds "11"]
[EventCountry "GER"]
[SourceTitle "EXT 2020"]
[Source "ChessBase"]
[SourceDate "2019.10.17"]
[SourceVersion "1"]
[SourceVersionDate "2019.10.17"]
[SourceQuality "1"]
[WhiteTeam "Halle USV"]
[BlackTeam "Dresden Gruen Weiss"]
[WhiteTeamCountry "GER"]
[BlackTeamCountry "GER"]

1. e4 e6 2. d3 d5 3. Qe2 Nf6 4. Nf3 Be7 5. g3 c5 6. Bg2 Nc6 7. 0-0 b5 8. e5 Nd7 9. h4 a5 10. Bf4 b4 11. a3 Ba6 12. axb4 axb4 13. Nbd2 h6 14. h5 Ra7 15. c4 bxc3 16. bxc3 Qa8 17. c4 Nb4 18. Rfc1 0-0 19. Ne1 Bb7 20. Rxa7 Qxa7 21. Nc2 Qa2 22. Nxb4 cxb4 23. d4 Qb2 24. Qe1 Qxd4 25. Nb3 Qd3 26. Na5 Ba8 27. cxd5 Bxd5 28. Rd1 Qa6 29. Bxd5 exd5 30. Nb3 Qe6 31. Nd4 Qg4 32. Nc6 Bc5 33. Rxd5 Qe6 34. Qd1 Qxc6 35. Rxd7 b3 36. Rd3 Qb6 37. Qxb3 Bxf2+ 38. Kg2 Bc5 39. Qxb6 Bxb6 40. Kf3 Re8 41. Rd7 Ba5 42. Kg4 Bc3 43. Kf5 Rc8 44. Rd5 Bb2 45. Rd1 Kf8 46. g4 Ke7 47. Rb1 Rc2 48. g5 g6+ 49. hxg6 fxg6+ 50. Kxg6 hxg5 51. Kxg5 Ke6 52. Kg4 Bxe5 53. Rb6+ Kd5 54. Rb5+ Rc5 55. Rxc5+ Kxc5 1/2-1/2

[Event "GER CupT 1819 prel8"]
[Site "Arnstadt"]
[Date "2019.01.26"]
[Round "1.2"]
[White "Hellwig, Tobias"]
[Black "Zimmermann, Rene"]
[Result "1/2-1/2"]
[WhiteElo "2207"]
[BlackElo "2224"]
[PlyCount "170"]
[EventDate "2019.01.26"]
[EventType "team-k.o."]
[EventRounds "2"]
[EventCountry "GER"]
[SourceTitle "EXT 2021"]
[Source "ChessBase"]
[SourceDate "2020.10.23"]
[SourceVersion "1"]
[SourceVersionDate "2020.10.23"]
[SourceQuality "1"]
[WhiteTeam "Sangerhausen"]
[BlackTeam "Dresden Gruen Weiss"]
[WhiteTeamCountry "GER"]
[BlackTeamCountry "GER"]

1. d4 d5 2. c4 e6 3. Nc3 c6 4. Bf4 Nf6 5. e3 Be7 6. Nf3 0-0 7. Bd3 Nbd7 8. 0-0 dxc4 9. Bxc4 b5 10. Bd3 b4 11. Ne4 c5 12. dxc5 Nxc5 13. Nxc5 Bxc5 14. Rc1 Be7 15. Bc7 Qd5 16. Qe2 Bb7 17. Rfd1 Qh5 18. Ba6 Bd5 19. Ne5 Qxe2 20. Bxe2 Rfc8 21. b3 a5 22. Bb6 Rcb8 23. Bd4 a4 24. Bc4 axb3 25. axb3 Rc8 26. f3 Bb7 27. e4 h5 28. Ra1 Rd8 29. Rxa8 Bxa8 30. Ra1 Bxe4 31. Bb6 Rb8 32. Bc7 Ra8 33. Rxa8+ Bxa8 34. Ba5 Bd5 35. Kf2 Bd6 36. Nd3 Bxc4 37. bxc4 b3 38. Bc3 Nd7 39. Bb2 f6 40. Ke3 Bxh2 41. Kd2 Bd6 42. Kc3 Nc5 43. Nxc5 Bxc5 44. Kxb3 Kf7 45. Kc2 h4 46. Kd3 e5 47. Bc3 Ke6 48. Be1 g5 49. Bd2 Be7 50. Be3 f5 51. Bg1 Bd8 52. Bf2 Bf6 53. Bb6 Kd6 54. Ba7 Kc6 55. Bf2 Bd8 56. Be3 g4 57. fxg4 fxg4 58. Ke4 Bb6 59. Bg5 h3 60. gxh3 gxh3 61. Kf3 Bg1 62. Kg3 h2 63. Kg2 Kc5 64. Bf6 e4 65. Bg5 Kxc4 66. Bh6 Kd3 67. Bf4 Ke2 68. Be5 Ke3 69. Bd6 Kd2 70. Bf4+ Kd3 71. Kh1 Ke2 72. Kg2 h1Q+ 73. Kxh1 Be3 74. Bd6 Kf3 75. Be7 Bd4 76. Bg5 Kf2 77. Bf4 Be3 78. Bd6 Kf3 79. Be7 Bb6 80. Bg5 Bc7 81. Kg1 Bf4 82. Bxf4 Kxf4 83. Kf2 e3+ 84. Ke2 Ke4 85. Ke1 Kd3 1/2-1/2

[Event "Oberliga Ost-A 1718"]
[Site "Germany"]
[Date "2018.01.21"]
[Round "5.4"]
[White "Zimmermann, Rene"]
[Black "Proehl, Holger"]
[Result "0-1"]
[WhiteElo "2173"]
[BlackElo "2364"]
[PlyCount "76"]
[EventDate "2017.10.22"]
[EventType "team-tourn"]
[EventRounds "11"]
[EventCountry "GER"]
[SourceTitle "EXT 2019"]
[Source "ChessBase"]
[SourceDate "2018.10.10"]
[SourceVersion "1"]
[SourceVersionDate "2018.10.10"]
[SourceQuality "1"]
[WhiteTeam "Dresden Gruen Weiss"]
[BlackTeam "Loeberitz"]
[WhiteTeamCountry "GER"]
[BlackTeamCountry "GER"]

1. d4 e6 2. Nf3 Nf6 3. c3 Be7 4. Bg5 d6 5. Nbd2 Nbd7 6. h3 0-0 7. e4 e5 8. Be2 c6 9. 0-0 Re8 10. dxe5 dxe5 11. Qc2 Qc7 12. Nc4 Bf8 13. Ne3 h6 14. Bh4 Nh5 15. Ne1 Nf4 16. Nd3 Nc5 17. Nxc5 Bxc5 18. Ng4 a5 19. Bg3 Be6 20. Rfe1 f6 21. Bf1 Qf7 22. b3 Rad8 23. Ne3 Kh8 24. Bc4 Bxe3 25. Bxe6 Bxf2+ 26. Qxf2 Nxe6 27. Bxe5 Ng5 28. Bd4 Nxe4 29. Qf4 Qg6 30. Qc7 c5 31. Be3 Nxc3 32. Qxc5 Nd5 33. Qxa5 b6 34. Bxb6 Nf4 35. g4 Qc2 36. Bf2 Nxh3+ 37. Kg2 Qxf2+ 38. Kh1 Nf4 0-1

[Event "Oberliga Ost-A 1718"]
[Site "Germany"]
[Date "2017.11.11"]
[Round "2.5"]
[White "Wendling, Florian"]
[Black "Zimmermann, Rene"]
[Result "0-1"]
[WhiteElo "1998"]
[BlackElo "2173"]
[PlyCount "44"]
[EventDate "2017.10.22"]
[EventType "team-tourn"]
[EventRounds "11"]
[EventCountry "GER"]
[SourceTitle "EXT 2019"]
[Source "ChessBase"]
[SourceDate "2018.10.10"]
[SourceVersion "1"]
[SourceVersionDate "2018.10.10"]
[SourceQuality "1"]
[WhiteTeam "Naumburg"]
[BlackTeam "Dresden Gruen Weiss"]
[WhiteTeamCountry "GER"]
[BlackTeamCountry "GER"]

1. e4 e6 2. d4 d5 3. exd5 exd5 4. Nf3 Nc6 5. Be2 Bd6 6. Nc3 Nge7 7. a3 Bg4 8. Nb5 0-0 9. 0-0 Ng6 10. Nxd6 Qxd6 11. h3 Bf5 12. Bd3 Be4 13. Ng5 Rae8 14. c3 Bxd3 15. Qxd3 Nd8 16. f4 f6 17. Nxh7 Kxh7 18. Qf5 Nf7 19. Qh5+ Nh6 20. g4 Re4 21. Rf3 Nxf4 22. Bxf4 Rxf4 0-1